000 00980cam a2200253 4500
001 WB3738-22
008 011009n2001 000 0 eng u
035 _a(Sirsi) u115045
245 _aRural development measures
260 _c2001
490 _aFarmers Guardian
_v5 October 2001, 6(1)
520 _aEnvironment Agency chief executive outlines measures to boost the farming industry and encourage rural development and sustainable agriculture. The measures include the expansion of agri-environment schemes, an industry approved environmental management standard and accreditation scheme, and improved rural planning guidance.
590 _aWB
650 _aLAND MANAGEMENT
650 _aFARMING INDUSTRY
650 _aAGRI-ENVIRONMENT SCHEMES
650 _aPLANNING GUIDANCE
650 _aENVIRONMENT AGENCY
650 _aENVIRONMENTAL MANAGEMENT
650 _aSUSTAINABLE AGRICULTURE
650 _aRURAL DEVELOPMENT
690 _aRural
_96268
942 _n0
999 _c68522
_d68522